| 000 | 00501cam a2200193ua 4500 | ||
|---|---|---|---|
| 001 | 10825 | ||
| 008 | 160315n2010 II |||gr||||Z||||||eng | ||
| 040 | _aMAIN | ||
| 041 | _aEnglish | ||
| 082 | _a820 AHS | ||
| 100 | _aAHSEC. | ||
| 245 | _aHORNBILL (TEXTBOOK IN ENGLISH ) For XI | ||
| 260 |
_aGUWAHATI _bAHSEC _c2010 |
||
| 300 |
_a118: _c20CM. |
||
| 500 | _aTRANSFERRED TO SANASKRITI JUNIOR COLLEGE, SGC | ||
| 653 | _aEnglish.& Old English literatures | ||
| 700 |
_aAHSEC., _eAuthor. |
||
| 942 | _cBK | ||
| 999 |
_c10794 _d10794 |
||